000 00311nam a2200121Ia 4500
008 210428s9999 xx 000 0 und d
082 _a668.411 N338 L
100 _aM.J.Neale
_952255
245 0 _aLubrication and Reliability Handbook
260 _bButter Worth
_aIndia
_c2001
300 _aC5.2p.
942 _cBK
999 _c560049
_d560049